Investigación participativa: (Registro nro. 8762)

Detalles MARC
000 -LEADER
fixed length control field 01180nam a2200181Ia 4500
005 - FECHA Y HORA DE LA ÚLTIMA TRANSACCIÓN
control field 20230726160643.0
008 - FIXED-LENGTH DATA ELEMENTS--GENERAL INFORMATION
fixed length control field 230725s9999 xx 000 0 und d
040 ## - CATALOGING SOURCE
Original cataloging agency UPAN
Transcribing agency Biblioteca San Vicente
Description conventions RCAA2
041 ## - LANGUAGE CODE
Language code of text/sound track or separate title spa
082 ## - DEWEY DECIMAL CLASSIFICATION NUMBER
Classification number 371.27
Item number B678i
año de publicación 1984
100 ## - MAIN ENTRY--PERSONAL NAME
Personal name Le Boterf, Guy
Relator code aut.
245 #0 - TITLE STATEMENT
Title Investigación participativa:
Remainder of title Dinámica, contexto, evaluación /
Statement of responsibility, etc Guy Le Borterf
260 ## - PUBLICATION, DISTRIBUTION, ETC. (IMPRINT)
Place of publication, distribution, etc México:
Name of publisher, distributor, etc CEDeFT,
Date of publication, distribution, etc 1984
300 ## - PHYSICAL DESCRIPTION
Extent 128 p.;
Dimensions 21 cm.
505 ## - FORMATTED CONTENTS NOTE
Formatted contents note Es una "investigación clásica", la población encuestada esta considerada como "pasiva" como un "deposito de informaciones", incapaz de estudiar su propia situación y de buscar soluciones a sus problemas. En este caso, la investigación es únicamente un asunto de los especialistas (sociólogos, economistas, tecnólogos, etc.) los únicos que estarían en condiciones de formular los problemas de la población en en estudio y proponer las soluciones correspondientes. Los resultados de la investigación son para uso exclusivo de los investigadores y los decisores, y la población encuestada no tiene que conocerlos ni cuestionarlos<br/>
650 ## - SUBJECT ADDED ENTRY--TOPICAL TERM
Source of heading or term LEMB
General subdivision Investigación
9 (RLIN) 3
942 ## - ADDED ENTRY ELEMENTS (KOHA)
Koha item type Libros
Source of classification or shelving scheme Dewey Decimal Classification
Existencias
Withdrawn status Lost status Source of classification or shelving scheme Damaged status Not for loan Collection code Home library Current library Date acquired Total Checkouts Full call number Barcode Date last seen Copy number Price effective from Koha item type
    Dewey Decimal Classification     Colección General Biblioteca UPAN San Vicente Biblioteca UPAN San Vicente 25/07/2023   371.27 B678i 12001323 25/07/2023 01 25/07/2023 Libros